| Tag |
First Indicator |
Second Indicator |
Subfields |
| LEADER |
00000cam a22000001a 4500 |
| 001 |
in00003125813 |
| 005 |
20190402202816.0 |
| 006 |
m o d |
| 007 |
cr un mmmapmmp |
| 008 |
071214s1935 dcud o f000 0 eng d |
| 035 |
|
|
|a cis2004190692
|
| 040 |
|
|
|a UMI
|c UMI
|d UtOrBLW
|
| 043 |
|
|
|a n-us---
|
| 099 |
|
|
|a ProQuest Serial Set Number 9909 S.doc.78
|
| 110 |
1 |
|
|a United States.
|b Congress.
|b Senate.
|b Committee on Appropriations.
|
| 245 |
1 |
0 |
|a Claims and suits against the District of Columbia. Communication from the President of the United States transmitting estimates of appropriations submitted by the Commissioners of the District of Columbia to pay claims which have been settled by them pursuant to law, amounting to $2,541.05.
|
| 246 |
1 |
|
|a Estimates for payment of Claims and suits against D.C
|
| 264 |
|
1 |
|a Washington :
|b [publisher not identified],
|c 1935.
|
| 300 |
|
|
|a 1 online resource.
|
| 336 |
|
|
|a text
|b txt
|2 rdacontent
|
| 337 |
|
|
|a computer
|b c
|2 rdamedia
|
| 338 |
|
|
|a online resource
|b cr
|2 rdacarrier
|
| 490 |
0 |
|
|a S.doc.78
|
| 500 |
|
|
|a Record is based on bibliographic data in ProQuest U.S. Serial Set Digital Collection (last viewed Dec. 2007). Reuse except for individual research requires license from ProQuest, LLC.
|
| 510 |
3 |
|
|a ProQuest U.S. Serial Set Digital Collection
|
| 500 |
|
|
|a Electronic resource.
|
| 610 |
1 |
0 |
|a District of Columbia.
|
| 650 |
|
0 |
|a Budget
|z United States.
|
| 650 |
|
0 |
|a Claims.
|
| 655 |
|
7 |
|a Electronic books.
|2 local
|
| 710 |
2 |
|
|a ProQuest (Firm)
|
| 830 |
|
0 |
|a United States congressional serial set.
|
| 856 |
4 |
0 |
|u http://proxy.library.tamu.edu/login?url=http://congressional.proquest.com/congcomp/getdoc?SERIAL-SET-ID=9909+S.doc.78
|z Connect to the full text of this electronic book
|t 0
|
| 999 |
|
|
|a MARS
|
| 999 |
f |
f |
|s 9f49567b-541a-3711-9b4e-42ba6161fe5e
|i 5dc0b949-daee-33b2-8c3c-a08c2fb96abe
|t 0
|
| 952 |
f |
f |
|a Texas A&M University
|b College Station
|c Electronic Resources
|d Available Online
|t 0
|e ProQuest Serial Set Number 9909 S.doc.78
|h Other scheme
|
| 998 |
f |
f |
|a ProQuest Serial Set Number 9909 S.doc.78
|t 0
|l Available Online
|